[Event "41. Open Ciutat de Badalona 2015 - C"]
[Site "Badalona ESP"]
[Date "2015.08.08"]
[Round "7.8"]
[White "Serentill Tost, Eduard"]
[Black "Khudov, Oleksandr"]
[Result "0-1"]
[WhiteElo "1857"]
[BlackElo "1602"]
[PlyCount "64"]
[EventDate "2015.08.02"]
[EventType "swiss"]
[EventRounds "9"]
[EventCountry "ESP"]
[SourceTitle "Ajedrez en Madrid"]
[Source "lmi"]
[SourceDate "2015.08.02"]
[SourceVersion "1"]
[SourceVersionDate "2018.07.18"]
[SourceQuality "1"]

1. e4 e6 2. d4 d5 3. Nc3 dxe4 4. Nxe4 Nd7 5. Bd3 Ngf6 6. Bg5 Be7 7. Nxf6+ Bxf6
8. h4 Bxg5 9. hxg5 Qxg5 10. Qf3 h6 11. Ne2 Nf6 12. Ng3 O-O 13. Ne4 Nxe4 14.
Bxe4 c6 15. Rh5 Qd8 16. O-O-O f5 17. Bd3 Qxd4 18. Rdh1 Qf6 19. Qg3 Kh8 20. f4
b6 21. R1h3 Bb7 22. Qh2 Kg8 23. Qg3 Kf7 24. Qf3 Qd4 25. c3 Qg1+ 26. Bf1 Qc5 27.
Bd3 Ke8 28. Rh1 Rd8 29. Qe2 Qe7 30. Re1 Rf6 31. Bxf5 Kf7 32. Bh3 Bc8 0-1

[Event "41. Open Ciutat de Badalona 2015 - C"]
[Site "Badalona ESP"]
[Date "2015.08.08"]
[Round "7.9"]
[White "Navines Monfa, Josep"]
[Black "Hostalot Rodriguez, Sergi"]
[Result "1-0"]
[WhiteElo "1874"]
[BlackElo "1791"]
[PlyCount "27"]
[EventDate "2015.08.02"]
[EventType "swiss"]
[EventRounds "9"]
[EventCountry "ESP"]
[SourceTitle "Ajedrez en Madrid"]
[Source "lmi"]
[SourceDate "2015.08.02"]
[SourceVersion "1"]
[SourceVersionDate "2018.07.18"]
[SourceQuality "1"]

1. e4 c6 2. Nf3 d5 3. exd5 Qxd5 4. Nc3 Qa5 5. Bc4 e6 6. O-O Qc7 7. d4 Nf6 8.
Re1 Nd5 9. Bxd5 cxd5 10. Nxd5 Qd6 11. c4 Nc6 12. Bf4 e5 13. Nxe5 Be6 14. Nxf7
1-0

[Event "41. Open Ciutat de Badalona 2015 - C"]
[Site "Badalona ESP"]
[Date "2015.08.08"]
[Round "7.10"]
[White "Gomez Albamonte, Sonia"]
[Black "Gomez Guinovart, Josep Manel"]
[Result "0-1"]
[WhiteElo "1776"]
[BlackElo "1872"]
[PlyCount "106"]
[EventDate "2015.08.02"]
[EventType "swiss"]
[EventRounds "9"]
[EventCountry "ESP"]
[SourceTitle "Ajedrez en Madrid"]
[Source "lmi"]
[SourceDate "2015.08.02"]
[SourceVersion "1"]
[SourceVersionDate "2018.07.18"]
[SourceQuality "1"]

1. d4 Nf6 2. Nf3 e6 3. Bf4 d5 4. e3 c6 5. Be2 Bd6 6. Bxd6 Qxd6 7. Nbd2 Nbd7 8.
h3 O-O 9. O-O e5 10. dxe5 Nxe5 11. Nxe5 Qxe5 12. Nf3 Qxb2 13. Qd2 Ne4 14. Qd3
Qf6 15. c4 Be6 16. cxd5 Bxd5 17. Nd4 Nc5 18. Qd2 Rad8 19. Qb4 b6 20. a4 Ne6 21.
Nf3 Ng5 22. Qg4 Nxf3+ 23. Bxf3 Bxf3 24. gxf3 Qg6 25. Ra2 Rd6 26. Kh2 Qxg4 27.
fxg4 Rfd8 28. Rc1 c5 29. Rb2 Rd2 30. Rcc2 Rxc2 31. Rxc2 g6 32. a5 Kf8 33. Kg3
Ke7 34. Rb2 Rd7 35. f4 c4 36. axb6 axb6 37. Kf2 c3 38. Ra2 Rd2+ 39. Rxd2 cxd2
40. Ke2 Kd6 41. Kxd2 Kd5 42. Kd3 f5 43. gxf5 gxf5 44. h4 b5 45. h5 b4 46. Kc2
Ke4 47. Kb3 Kxe3 48. Kxb4 Kxf4 49. Kc3 Ke3 50. Kc2 Ke2 51. Kc1 f4 52. Kb2 f3
53. Kc3 f2 0-1

[Event "41. Open Ciutat de Badalona 2015 - C"]
[Site "Badalona ESP"]
[Date "2015.08.09"]
[Round "8.1"]
[White "Torrubia De Nova, Guillermo"]
[Black "Clanchet Olle, Josep"]
[Result "1-0"]
[WhiteElo "1892"]
[BlackElo "1890"]
[PlyCount "77"]
[EventDate "2015.08.02"]
[EventType "swiss"]
[EventRounds "9"]
[EventCountry "ESP"]
[SourceTitle "Ajedrez en Madrid"]
[Source "lmi"]
[SourceDate "2015.08.02"]
[SourceVersion "1"]
[SourceVersionDate "2018.07.18"]
[SourceQuality "1"]

1. Nf3 Nf6 2. g3 d5 3. c4 Nc6 4. cxd5 Qxd5 5. Nc3 Qa5 6. Bg2 e5 7. O-O Bb4 8.
a3 e4 9. Ne1 Bf5 10. Nc2 Bxc3 11. dxc3 Rd8 12. Qe1 O-O 13. Bg5 Qe5 14. Bxf6
Qxf6 15. Ne3 Rd7 16. Nxf5 Qxf5 17. Qb1 Re8 18. Qc2 Qe6 19. Rad1 Rxd1 20. Rxd1
f5 21. Rd2 Kh8 22. e3 Ne5 23. Kh1 Nd3 24. Bf1 Ne1 25. Qd1 Nf3 26. Rd8 h6 27.
Rxe8+ Qxe8 28. Qd5 Qh5 29. h3 Ne1 30. Qd2 Qf3+ 31. Kg1 Qh5 32. Qxe1 Qf7 33. Qd2
g5 34. Be2 Qe7 35. Qd4+ Kh7 36. Qd5 f4 37. gxf4 gxf4 38. Qf5+ Kh8 39. Qxf4 1-0

[Event "41. Open Ciutat de Badalona 2015 - C"]
[Site "Badalona ESP"]
[Date "2015.08.09"]
[Round "8.2"]
[White "Lozano Ruiz, David"]
[Black "Rossi, Pascal"]
[Result "0-1"]
[WhiteElo "1812"]
[BlackElo "1775"]
[PlyCount "82"]
[EventDate "2015.08.02"]
[EventType "swiss"]
[EventRounds "9"]
[EventCountry "ESP"]
[SourceTitle "Ajedrez en Madrid"]
[Source "lmi"]
[SourceDate "2015.08.02"]
[SourceVersion "1"]
[SourceVersionDate "2018.07.18"]
[SourceQuality "1"]

1. e4 d5 2. exd5 Nf6 3. Nc3 c6 4. dxc6 Nxc6 5. Nf3 Bg4 6. Be2 e6 7. d3 Bd6 8.
Be3 O-O 9. Qd2 a6 10. h3 Bh5 11. Bf4 Bb4 12. a3 Ba5 13. b4 Nxb4 14. axb4 Bxb4
15. Rb1 Nd5 16. Rxb4 Nxb4 17. Ne4 Nd5 18. Be5 f6 19. Bg3 Qb6 20. O-O f5 21. Nd6
f4 22. Nc4 Qc7 23. Bh2 b5 24. Nce5 Nc3 25. g3 fxg3 26. fxg3 Nxe2+ 27. Qxe2 Bxf3
28. Rxf3 Rxf3 29. Nxf3 Qc5+ 30. d4 Qd5 31. g4 a5 32. Qd3 a4 33. Nd2 a3 34. Nb3
a2 35. Na1 Qg5 36. Qd1 Qe3+ 37. Kg2 Rf8 38. Bg1 Qc3 39. d5 Rd8 40. Bd4 Qc4 41.
Qd3 Qxd5+ 0-1

[Event "41. Open Ciutat de Badalona 2015 - C"]
[Site "Badalona ESP"]
[Date "2015.08.09"]
[Round "8.3"]
[White "Alonso Gomez, Antonio"]
[Black "Romero Funieles, Rafael de Jesus"]
[Result "1/2-1/2"]
[WhiteElo "1879"]
[BlackElo "1885"]
[PlyCount "64"]
[EventDate "2015.08.02"]
[EventType "swiss"]
[EventRounds "9"]
[EventCountry "ESP"]
[SourceTitle "Ajedrez en Madrid"]
[Source "lmi"]
[SourceDate "2015.08.02"]
[SourceVersion "1"]
[SourceVersionDate "2018.07.18"]
[SourceQuality "1"]

1. e4 e6 2. d4 c6 3. Nf3 h6 4. h3 Be7 5. Bd3 d6 6. Nbd2 a6 7. a3 Nd7 8. c3 e5
9. Nf1 exd4 10. Nxd4 Ne5 11. Bc2 c5 12. Nf3 Nc6 13. Ne3 Nf6 14. O-O O-O 15. Re1
Be6 16. Nd5 b5 17. Bf4 Bxd5 18. exd5 Nb8 19. b3 Nbd7 20. Qd3 Nb6 21. c4 Re8 22.
Nd2 g5 23. Bg3 Bf8 24. Ne4 Nxe4 25. Rxe4 Qf6 26. Rae1 Rxe4 27. Qxe4 Qg7 28. h4
Nd7 29. hxg5 hxg5 30. Qf5 Nf6 31. Qd3 bxc4 32. bxc4 Rb8 1/2-1/2

[Event "41. Open Ciutat de Badalona 2015 - C"]
[Site "Badalona ESP"]
[Date "2015.08.09"]
[Round "8.4"]
[White "Khudov, Oleksandr"]
[Black "Mc Aleenan, Charles"]
[Result "0-1"]
[WhiteElo "1602"]
[BlackElo "1778"]
[PlyCount "40"]
[EventDate "2015.08.02"]
[EventType "swiss"]
[EventRounds "9"]
[EventCountry "ESP"]
[SourceTitle "Ajedrez en Madrid"]
[Source "lmi"]
[SourceDate "2015.08.02"]
[SourceVersion "1"]
[SourceVersionDate "2018.07.18"]
[SourceQuality "1"]

1. c4 f5 2. Nc3 d6 3. Nf3 e5 4. d3 Nf6 5. g3 Be7 6. Bg2 O-O 7. O-O Nc6 8. a3
Qe8 9. b4 Qh5 10. Nd5 Bd8 11. Bg5 h6 12. Bxf6 gxf6 13. e4 fxe4 14. dxe4 Bg4 15.
Qd3 f5 16. exf5 Rxf5 17. Ne3 Rxf3 18. Bxf3 Bxf3 19. Qf5 Nd4 20. Qxh5 Ne2# 0-1

[Event "41. Open Ciutat de Badalona 2015 - C"]
[Site "Badalona ESP"]
[Date "2015.08.09"]
[Round "8.5"]
[White "Ibañez Camara, Oscar"]
[Black "Robla Carreiras, Xavier"]
[Result "0-1"]
[WhiteElo "1840"]
[BlackElo "1829"]
[PlyCount "92"]
[EventDate "2015.08.02"]
[EventType "swiss"]
[EventRounds "9"]
[EventCountry "ESP"]
[SourceTitle "Ajedrez en Madrid"]
[Source "lmi"]
[SourceDate "2015.08.02"]
[SourceVersion "1"]
[SourceVersionDate "2018.07.18"]
[SourceQuality "1"]

1. e4 c5 2. Nf3 a6 3. d4 cxd4 4. Nxd4 e5 5. Nb3 Nf6 6. Bg5 Be7 7. Bxf6 gxf6 8.
Qd5 d6 9. Nc3 Nc6 10. O-O-O f5 11. f3 Be6 12. Qd3 fxe4 13. fxe4 Nb4 14. Qf3 Rc8
15. Kb1 Bxb3 16. axb3 Qa5 17. Bc4 Rf8 18. Rhf1 f6 19. Nd5 Nxd5 20. Bxd5 Qc7 21.
Rf2 Kd8 22. Rd3 Qd7 23. Qh5 Kc7 24. Rc3+ Kb8 25. Rxc8+ Qxc8 26. Qxh7 Bd8 27.
Qg6 Qc7 28. g4 Qa5 29. Re2 Qb6 30. c3 Be7 31. Qf5 Qb5 32. Qf2 Rc8 33. h4 a5 34.
h5 a4 35. Bc4 Qc6 36. h6 b5 37. Bd5 Qa6 38. Qe3 axb3 39. Bxb3 d5 40. Bxd5 b4
41. c4 Bc5 42. Qd2 b3 43. Qd3 Qa2+ 44. Kc1 Qa1+ 45. Qb1 Qa7 46. Kd2 Bb4+ 0-1

[Event "41. Open Ciutat de Badalona 2015 - C"]
[Site "Badalona ESP"]
[Date "2015.08.09"]
[Round "8.6"]
[White "Navines Monfa, Josep"]
[Black "Beltran Vidal, Daniel"]
[Result "0-1"]
[WhiteElo "1874"]
[BlackElo "1863"]
[PlyCount "60"]
[EventDate "2015.08.02"]
[EventType "swiss"]
[EventRounds "9"]
[EventCountry "ESP"]
[SourceTitle "Ajedrez en Madrid"]
[Source "lmi"]
[SourceDate "2015.08.02"]
[SourceVersion "1"]
[SourceVersionDate "2018.07.18"]
[SourceQuality "1"]

1. e4 c5 2. c3 Nc6 3. Nf3 e6 4. d4 cxd4 5. cxd4 Nf6 6. Nc3 d6 7. Bb5 Bd7 8. O-O
Be7 9. Bg5 O-O 10. Rc1 Ne8 11. Bxe7 Nxe7 12. Qa4 Bxb5 13. Qxb5 b6 14. Qh5 Nf6
15. Qh3 Ng6 16. g3 Qe7 17. Nh4 d5 18. Rfe1 Qb4 19. exd5 exd5 20. Nxg6 hxg6 21.
Qg2 Qxb2 22. Nxd5 Nxd5 23. Qxd5 Rfd8 24. Qb3 Qxb3 25. axb3 Rxd4 26. Rc7 a6 27.
Ree7 Rf8 28. Ra7 a5 29. Reb7 Rb4 30. Rxa5 bxa5 0-1

[Event "41. Open Ciutat de Badalona 2015 - C"]
[Site "Badalona ESP"]
[Date "2015.08.09"]
[Round "8.7"]
[White "Gomez Guinovart, Josep Manel"]
[Black "Fungueiriño Pique, Daniel"]
[Result "1-0"]
[WhiteElo "1872"]
[BlackElo "1808"]
[PlyCount "41"]
[EventDate "2015.08.02"]
[EventType "swiss"]
[EventRounds "9"]
[EventCountry "ESP"]
[SourceTitle "Ajedrez en Madrid"]
[Source "lmi"]
[SourceDate "2015.08.02"]
[SourceVersion "1"]
[SourceVersionDate "2018.07.18"]
[SourceQuality "1"]

1. d4 d5 2. Nf3 Nf6 3. Bg5 Bf5 4. Bxf6 gxf6 5. e3 Nc6 6. Bb5 Qd6 7. c3 Bd7 8.
O-O O-O-O 9. Qa4 Kb8 10. c4 Qe6 11. Nc3 Rg8 12. Nxd5 Qg4 13. Ne1 Qg7 14. Nf4 e6
15. c5 f5 16. Rc1 Be7 17. Rc3 e5 18. Ra3 a5 19. Nd5 f6 20. Bxc6 Bxc6 21. Qxa5
1-0

[Event "41. Open Ciutat de Badalona 2015 - C"]
[Site "Badalona ESP"]
[Date "2015.08.09"]
[Round "8.8"]
[White "Maza Navarro, Llorens"]
[Black "Cervera Lopez, Miguel"]
[Result "0-1"]
[WhiteElo "1799"]
[BlackElo "1851"]
[PlyCount "54"]
[EventDate "2015.08.02"]
[EventType "swiss"]
[EventRounds "9"]
[EventCountry "ESP"]
[SourceTitle "Ajedrez en Madrid"]
[Source "lmi"]
[SourceDate "2015.08.02"]
[SourceVersion "1"]
[SourceVersionDate "2018.07.18"]
[SourceQuality "1"]

1. c4 e5 2. Nc3 Nf6 3. Nf3 Nc6 4. a3 d5 5. cxd5 Nxd5 6. e3 Bg4 7. Be2 Nf6 8.
Qc2 a6 9. O-O Bd6 10. Rd1 Qe7 11. Ne4 Nxe4 12. Qxe4 f5 13. Qc4 O-O-O 14. d4 e4
15. Ne1 Rhf8 16. Qc2 Qh4 17. g3 Qh5 18. Bxg4 Qxg4 19. Ng2 g5 20. Rf1 Rf6 21.
Ne1 Rdf8 22. f3 exf3 23. Nxf3 f4 24. Qe4 Re6 25. Qd5 fxg3 26. hxg3 Qxg3+ 27.
Kh1 Rh6+ 0-1

[Event "41. Open Ciutat de Badalona 2015 - C"]
[Site "Badalona ESP"]
[Date "2015.08.09"]
[Round "8.9"]
[White "Vela Valverde, Sergi"]
[Black "Ramon Herraez, Alex"]
[Result "1-0"]
[WhiteElo "1771"]
[BlackElo "1830"]
[PlyCount "53"]
[EventDate "2015.08.02"]
[EventType "swiss"]
[EventRounds "9"]
[EventCountry "ESP"]
[SourceTitle "Ajedrez en Madrid"]
[Source "lmi"]
[SourceDate "2015.08.02"]
[SourceVersion "1"]
[SourceVersionDate "2018.07.18"]
[SourceQuality "1"]

1. e4 d5 2. exd5 Nf6 3. Nf3 Nxd5 4. d4 Bg4 5. h3 Bf5 6. c4 Nf6 7. Nc3 e6 8. a3
h6 9. Bd3 Bxd3 10. Qxd3 c6 11. O-O Be7 12. Ne5 O-O 13. Bf4 Nbd7 14. Ne4 Nxe4
15. Qxe4 Nf6 16. Qe3 Rc8 17. Rad1 Qb6 18. b4 Rfd8 19. Rd3 a6 20. Bxh6 Bf8 21.
Bg5 Be7 22. Rfd1 Qa7 23. Qf3 Rf8 24. Bxf6 Bxf6 25. Nd7 Rfd8 26. Nxf6+ gxf6 27.
Qxf6 1-0

[Event "41. Open Ciutat de Badalona 2015 - C"]
[Site "Badalona ESP"]
[Date "2015.08.09"]
[Round "8.10"]
[White "Muñoz Lozano, Jorge Manuel"]
[Black "Vegara Gallego, Pere"]
[Result "0-1"]
[WhiteElo "1700"]
[BlackElo "1873"]
[PlyCount "78"]
[EventDate "2015.08.02"]
[EventType "swiss"]
[EventRounds "9"]
[EventCountry "ESP"]
[SourceTitle "Ajedrez en Madrid"]
[Source "lmi"]
[SourceDate "2015.08.02"]
[SourceVersion "1"]
[SourceVersionDate "2018.07.18"]
[SourceQuality "1"]

1. d4 d5 2. c4 c6 3. Nf3 Nf6 4. Nc3 e6 5. a3 Be7 6. e3 O-O 7. Bd3 Nbd7 8. cxd5
exd5 9. O-O Re8 10. b4 a6 11. Bb2 Bd6 12. Rc1 Nf8 13. h3 Ng6 14. Na4 Re7 15.
Qe2 Nf4 16. Qc2 Nxd3 17. Qxd3 Ne4 18. Qc2 h6 19. Nc5 Bf5 20. Nxe4 Bxe4 21. Qe2
Qe8 22. Ne5 f6 23. Nd3 Qg6 24. Ne1 Bf5 25. g4 Rae8 26. Kh1 Bc8 27. Rg1 Qf7 28.
Qf1 Kh8 29. Qg2 Qe6 30. Rc3 h5 31. Nf3 hxg4 32. hxg4 Qe4 33. Qh3+ Qh7 34. Nh4
Kg8 35. f4 g5 36. f5 Qxh4 37. Qxh4 gxh4 38. Bc1 Bg3 39. Bd2 Re4 0-1

[Event "41. Open Ciutat de Badalona 2015 - C"]
[Site "Badalona ESP"]
[Date "2015.08.10"]
[Round "9.1"]
[White "Rossi, Pascal"]
[Black "Torrubia De Nova, Guillermo"]
[Result "1-0"]
[WhiteElo "1775"]
[BlackElo "1892"]
[PlyCount "79"]
[EventDate "2015.08.02"]
[EventType "swiss"]
[EventRounds "9"]
[EventCountry "ESP"]
[SourceTitle "Ajedrez en Madrid"]
[Source "lmi"]
[SourceDate "2015.08.02"]
[SourceVersion "1"]
[SourceVersionDate "2018.07.18"]
[SourceQuality "1"]

1. d4 d5 2. Bf4 Nf6 3. e3 c6 4. Nd2 Nbd7 5. Ngf3 e6 6. Bd3 Be7 7. O-O Nh5 8.
Ne5 Nxf4 9. exf4 Nxe5 10. fxe5 Bd7 11. c3 c5 12. dxc5 Bxc5 13. Nb3 Be7 14. Nd4
Qb6 15. Qe2 Rc8 16. Rab1 a6 17. h4 Qd8 18. h5 h6 19. Qg4 Kf8 20. Rfe1 Bc5 21.
Re3 Qg5 22. Qe2 Bxd4 23. cxd4 Qe7 24. Rf3 Ke8 25. Rg3 f5 26. exf6 Qxf6 27. Bg6+
Kd8 28. Qd2 Rf8 29. Rf3 Qe7 30. Re3 Rf6 31. Rbe1 Rc6 32. Qa5+ Kc8 33. Qxd5 Rd6
34. Qe5 Qf8 35. Qc5+ Kb8 36. R1e2 b6 37. Qe5 Ka7 38. Rc3 Bc6 39. Rec2 Kb7 40.
Be4 1-0

[Event "41. Open Ciutat de Badalona 2015 - C"]
[Site "Badalona ESP"]
[Date "2015.08.10"]
[Round "9.2"]
[White "Clanchet Olle, Josep"]
[Black "Mc Aleenan, Charles"]
[Result "0-1"]
[WhiteElo "1890"]
[BlackElo "1778"]
[PlyCount "108"]
[EventDate "2015.08.02"]
[EventType "swiss"]
[EventRounds "9"]
[EventCountry "ESP"]
[SourceTitle "Ajedrez en Madrid"]
[Source "lmi"]
[SourceDate "2015.08.02"]
[SourceVersion "1"]
[SourceVersionDate "2018.07.18"]
[SourceQuality "1"]

1. e4 e6 2. d4 d5 3. Nc3 Bb4 4. exd5 exd5 5. Nf3 Ne7 6. Bf4 Bf5 7. Bd3 Nbc6 8.
O-O a6 9. Re1 O-O 10. Bxf5 Nxf5 11. Qd3 g6 12. a3 Bxc3 13. Qxc3 Qd7 14. Ne5
Nxe5 15. Rxe5 f6 16. Re2 c6 17. Rae1 g5 18. Qh3 Rf7 19. Be3 Re8 20. c3 Rfe7 21.
Kf1 Kg7 22. Bd2 Rxe2 23. Rxe2 Rxe2 24. Kxe2 Qe7+ 25. Kf1 Qe4 26. Be1 Kg6 27.
Qf3 Qxf3 28. gxf3 Nd6 29. Bd2 Kf5 30. Kg2 b6 31. Kg3 Nc4 32. Bc1 c5 33. dxc5
bxc5 34. Be3 Nxb2 35. Bxc5 Na4 36. Bb4 Nb2 37. h3 h5 38. Be7 Nd1 39. Bb4 h4+
40. Kg2 Ke5 41. Kf1 Nb2 42. Kg2 Nd3 43. Kg1 Nf4 44. Kh2 Ke6 45. Ba5 Kd7 46. Bb6
Kc6 47. Bd8 Nh5 48. a4 Kc5 49. Ba5 Kc4 50. Kg2 Nf4+ 51. Kh2 Ne2 52. Bd8 Nxc3
53. Bxf6 Nxa4 54. Bxg5 Nc5 0-1

[Event "41. Open Ciutat de Badalona 2015 - C"]
[Site "Badalona ESP"]
[Date "2015.08.10"]
[Round "9.3"]
[White "Romero Funieles, Rafael de Jesus"]
[Black "Gomez Guinovart, Josep Manel"]
[Result "1-0"]
[WhiteElo "1885"]
[BlackElo "1872"]
[PlyCount "35"]
[EventDate "2015.08.02"]
[EventType "swiss"]
[EventRounds "9"]
[EventCountry "ESP"]
[SourceTitle "Ajedrez en Madrid"]
[Source "lmi"]
[SourceDate "2015.08.02"]
[SourceVersion "1"]
[SourceVersionDate "2018.07.18"]
[SourceQuality "1"]

1. e4 e6 2. Nf3 d5 3. exd5 exd5 4. Be2 Bd6 5. g3 Ne7 6. d4 O-O 7. Bd3 Bf5 8.
O-O Nd7 9. Bg5 f6 10. Bc1 Re8 11. c4 c6 12. Nc3 Bxd3 13. Qxd3 Nf8 14. a3 a6 15.
b4 b5 16. c5 Bb8 17. Be3 a5 18. Ra2 1-0

[Event "41. Open Ciutat de Badalona 2015 - C"]
[Site "Badalona ESP"]
[Date "2015.08.10"]
[Round "9.4"]
[White "Robla Carreiras, Xavier"]
[Black "Vela Valverde, Sergi"]
[Result "0-1"]
[WhiteElo "1829"]
[BlackElo "1771"]
[PlyCount "52"]
[EventDate "2015.08.02"]
[EventType "swiss"]
[EventRounds "9"]
[EventCountry "ESP"]
[SourceTitle "Ajedrez en Madrid"]
[Source "lmi"]
[SourceDate "2015.08.02"]
[SourceVersion "1"]
[SourceVersionDate "2018.07.18"]
[SourceQuality "1"]

1. e4 c5 2. Nc3 a6 3. Nf3 Nc6 4. d4 cxd4 5. Nxd4 Nf6 6. Nxc6 bxc6 7. Bc4 e5 8.
Bg5 Bb4 9. O-O Bb7 10. a3 Bc5 11. Na4 Qa5 12. Bxf6 gxf6 13. c3 Ba7 14. b4 Qc7
15. Qf3 Ke7 16. Rad1 Rad8 17. Qh5 d5 18. exd5 cxd5 19. Bb3 Rhg8 20. g3 Rg7 21.
Rd3 Rdg8 22. Rfd1 e4 23. Qe2 Kf8 24. R3d2 Rg6 25. Bxd5 Bxd5 26. Rxd5 Rxg3+ 0-1

[Event "41. Open Ciutat de Badalona 2015 - C"]
[Site "Badalona ESP"]
[Date "2015.08.10"]
[Round "9.5"]
[White "Cervera Lopez, Miguel"]
[Black "Alonso Gomez, Antonio"]
[Result "1-0"]
[WhiteElo "1851"]
[BlackElo "1879"]
[PlyCount "65"]
[EventDate "2015.08.02"]
[EventType "swiss"]
[EventRounds "9"]
[EventCountry "ESP"]
[SourceTitle "Ajedrez en Madrid"]
[Source "lmi"]
[SourceDate "2015.08.02"]
[SourceVersion "1"]
[SourceVersionDate "2018.07.18"]
[SourceQuality "1"]

1. e4 c5 2. Nf3 d6 3. d4 cxd4 4. Nxd4 Nf6 5. Nc3 a6 6. Be3 Ng4 7. Bd2 Qc7 8.
Nd5 Qd8 9. h3 Ne5 10. Bd3 e6 11. Ne3 Nxd3+ 12. cxd3 Nc6 13. Nf3 Be7 14. Rc1 Bf6
15. Qb3 Rb8 16. Rxc6 Bd7 17. Rc2 b5 18. a3 O-O 19. O-O d5 20. exd5 exd5 21.
Nxd5 Be6 22. Nxf6+ Qxf6 23. Qc3 Qg6 24. Ne5 Qh5 25. d4 Rbc8 26. Nc6 Kh8 27. Qf3
Qxf3 28. gxf3 Bc4 29. Rfc1 Rxc6 30. b3 Rg6+ 31. Kh2 Bxb3 32. Rc8 Kg8 33. Bb4
1-0

[Event "41. Open Ciutat de Badalona 2015 - C"]
[Site "Badalona ESP"]
[Date "2015.08.10"]
[Round "9.6"]
[White "Beltran Vidal, Daniel"]
[Black "Lozano Ruiz, David"]
[Result "1-0"]
[WhiteElo "1863"]
[BlackElo "1812"]
[PlyCount "115"]
[EventDate "2015.08.02"]
[EventType "swiss"]
[EventRounds "9"]
[EventCountry "ESP"]
[SourceTitle "Ajedrez en Madrid"]
[Source "lmi"]
[SourceDate "2015.08.02"]
[SourceVersion "1"]
[SourceVersionDate "2018.07.18"]
[SourceQuality "1"]

1. e4 c5 2. Nf3 d6 3. d4 cxd4 4. Nxd4 Nf6 5. Nc3 a6 6. Bc4 e6 7. O-O Be7 8. a4
Nxe4 9. Qg4 Nf6 10. Qxg7 Rg8 11. Qh6 Rg6 12. Qe3 Ng4 13. Qe2 Ne5 14. Bd3 Nxd3
15. Qxd3 Nc6 16. Nxc6 bxc6 17. a5 c5 18. Bf4 d5 19. Bg3 Rb8 20. Bxb8 c4 21. Qe2
Bb7 22. Bg3 f5 23. Qh5 d4 24. Qxh7 Rg5 25. Rad1 f4 26. Qh8+ Bf8 27. Rxd4 Qc7
28. Rxf4 Qxf4 29. Re1 Qf5 30. Qe5 Qxe5 31. Rxe5 Rg6 32. h4 Bd6 33. Rg5 Rxg5 34.
hxg5 Bxg3 35. fxg3 Kf7 36. Na4 Kg6 37. Nc5 Bc8 38. Ne4 Bb7 39. Nd2 Bd5 40. Kf2
Kxg5 41. b3 cxb3 42. cxb3 Kf5 43. b4 Ke5 44. Ke3 Bxg2 45. Nb3 Bd5 46. Nc5 Bc4
47. Nd7+ Kd6 48. Nb6 Bb3 49. g4 Kc6 50. Kd4 Kb5 51. Kc3 Bd1 52. g5 Bh5 53. Nd7
Kc6 54. Nc5 Kd5 55. Nxa6 e5 56. Nc5 e4 57. a6 Kc6 58. a7 1-0

[Event "41. Open Ciutat de Badalona 2015 - C"]
[Site "Badalona ESP"]
[Date "2015.08.10"]
[Round "9.7"]
[White "Vegara Gallego, Pere"]
[Black "Gallardo Gonzalez, Rafael"]
[Result "1/2-1/2"]
[WhiteElo "1873"]
[BlackElo "1792"]
[PlyCount "141"]
[EventDate "2015.08.02"]
[EventType "swiss"]
[EventRounds "9"]
[EventCountry "ESP"]
[SourceTitle "Ajedrez en Madrid"]
[Source "lmi"]
[SourceDate "2015.08.02"]
[SourceVersion "1"]
[SourceVersionDate "2018.07.18"]
[SourceQuality "1"]

1. e4 e6 2. Nc3 d5 3. exd5 exd5 4. d4 Nf6 5. Be2 Bb4 6. Nf3 O-O 7. O-O c6 8.
Re1 Ne4 9. Bd2 Nxd2 10. Qxd2 Qa5 11. a3 Bxc3 12. bxc3 Nd7 13. Bd3 Nf6 14. h3 h6
15. Re3 Be6 16. Qe2 Rfe8 17. Qe1 c5 18. dxc5 Qxc5 19. Nd4 Bd7 20. Qd2 Rxe3 21.
fxe3 Re8 22. Rb1 b6 23. Ra1 Ne4 24. Bxe4 Rxe4 25. Rf1 Qxa3 26. Rf4 Qa1+ 27. Kh2
a5 28. Rxe4 dxe4 29. h4 a4 30. Nb3 axb3 31. Qxd7 Qxc3 32. cxb3 Qxb3 33. Qe8+
Kh7 34. Qxe4+ g6 35. h5 Qe6 36. hxg6+ Qxg6 37. Qb4 Qe6 38. Qd4 f5 39. Qd3 Qe5+
40. Kh3 Kg6 41. g4 h5 42. gxh5+ Kxh5 43. Qe2+ Kg5 44. Qg2+ Kf6 45. Qc6+ Qe6 46.
Qc3+ Kg6 47. Kg3 b5 48. Kf2 Qf6 49. Qb3 Qh4+ 50. Kg2 Qc4 51. Qb2 Qe4+ 52. Kf2
b4 53. Qb3 Kf6 54. Qb2+ Kg6 55. Qb3 Qh4+ 56. Kg2 Qg4+ 57. Kf2 f4 58. exf4 Qxf4+
59. Ke2 Qh2+ 60. Kd1 Qd6+ 61. Kc2 Qc5+ 62. Kb2 Kf6 63. Qf3+ Ke6 64. Qe4+ Kd6
65. Qg6+ Kd5 66. Qf5+ Kc6 67. Qc8+ Kb5 68. Qb7+ Ka4 69. Qa6+ Qa5 70. Qc6+ Qb5
71. Qa8+ 1/2-1/2

[Event "41. Open Ciutat de Badalona 2015 - C"]
[Site "Badalona ESP"]
[Date "2015.08.10"]
[Round "9.10"]
[White "Cespedes, Cristofer Adrian"]
[Black "Serentill Tost, Eduard"]
[Result "0-1"]
[WhiteElo "1705"]
[BlackElo "1857"]
[PlyCount "80"]
[EventDate "2015.08.02"]
[EventType "swiss"]
[EventRounds "9"]
[EventCountry "ESP"]
[SourceTitle "Ajedrez en Madrid"]
[Source "lmi"]
[SourceDate "2015.08.02"]
[SourceVersion "1"]
[SourceVersionDate "2018.07.18"]
[SourceQuality "1"]

1. d4 Nf6 2. Nf3 g6 3. c4 Bg7 4. Nc3 d6 5. e4 O-O 6. h3 Nbd7 7. Be2 e5 8. d5
Nc5 9. Qc2 a5 10. O-O Nh5 11. Ng5 f5 12. Bxh5 gxh5 13. f4 fxe4 14. Ngxe4 Nxe4
15. Qxe4 Bf5 16. Qe2 Qh4 17. Be3 Qg3 18. Qf3 Qg6 19. Kh1 Bd3 20. Ne2 Bxc4 21.
Rac1 e4 22. Qf2 Bxa2 23. Rxc7 Bxd5 24. f5 Qe8 25. Qg3 Rf7 26. Rfc1 Bc6 27. Qxd6
Rxc7 28. Qxc7 Qe5 29. Qxe5 Bxe5 30. Bd4 Bd6 31. Bc3 Bb5 32. Nd4 Bd3 33. Ra1 b6
34. b4 Rc8 35. bxa5 Rxc3 36. axb6 Rc8 37. b7 Rb8 38. Ra8 e3 39. Kg1 Bg3 40. Nf3
Be4 0-1

[Event "41. Open Ciutat de Badalona 2015 - C"]
[Site "Badalona ESP"]
[Date "2015.08.10"]
[Round "9.15"]
[White "Bosch Ricart, Joan"]
[Black "Guerra Blanco, Antonio"]
[Result "1-0"]
[WhiteElo "1876"]
[BlackElo "1711"]
[PlyCount "31"]
[EventDate "2015.08.02"]
[EventType "swiss"]
[EventRounds "9"]
[EventCountry "ESP"]
[SourceTitle "Ajedrez en Madrid"]
[Source "lmi"]
[SourceDate "2015.08.02"]
[SourceVersion "1"]
[SourceVersionDate "2018.07.18"]
[SourceQuality "1"]

1. e4 d5 2. exd5 Qxd5 3. Nc3 Qa5 4. d4 c6 5. Bc4 Nf6 6. Bd2 Qb6 7. Nge2 Qxb2 8.
O-O b5 9. Bb3 Qa3 10. d5 a6 11. Bc1 Qd6 12. Nf4 Bg4 13. Ne4 Qe5 14. Nxf6+ Qxf6
15. Qxg4 Qxa1 16. Qc8# 1-0